书目信息 |
| 题名: |
物质结构
|
|
| 作者: | 潘道皑 编 | |
| 分册: | ||
| 出版信息: | 北京 高等教育出版社 1989.5 |
|
| 页数: | 639页 | |
| 开本: | 20cm | |
| 丛书名: | ||
| 单 册: | ||
| 中图分类: | O552.5 | |
| 科图分类: | ||
| 主题词: | 物质结构--高等学校--教材 | |
| 电子资源: | ||
| ISBN: | 7-04-002115-3 | |
| 000 | 00690nam0 2200253 45 | |
| 001 | 0189009327 | |
| 005 | 20070719193137.93 | |
| 010 | @a7-04-002115-3@dCNY19.60 | |
| 020 | @aCN@b89009327 | |
| 100 | @a19901121d1989 m y0chiy0120 ea | |
| 101 | 0 | @achi |
| 102 | @aCN@b110000 | |
| 105 | @ay j 000yy | |
| 200 | 10 | @a物质结构@Awu zhi jie gou@f潘道皑等编@Fpan dao ai deng bian |
| 205 | @a2版 | |
| 210 | @a北京@c高等教育出版社@d1989.5 | |
| 215 | @a639页@d20cm | |
| 300 | @a高等学校教材 | |
| 540 | 1 | @a物质 结构@Awu zhi jie gou |
| 606 | @a物质结构@x高等学校@x教材 | |
| 690 | @aO552.5@v1980 | |
| 701 | 0 | @a潘道皑@Apan dao ai@4编 |
| 801 | 0 | @aCN@bNLC@c20070719 |
| 905 | @dO552.5@e5=2 | |
| 物质结构/潘道皑等编.-2版.-北京:高等教育出版社,1989.5 |
| 639页;20cm |
| 高等学校教材 |
| ISBN 7-04-002115-3:CNY19.60 |
| ● |
| 相关链接 |
|
|
|
|
正题名:物质结构
索取号:O552.5/5=2
 
预约/预借
| 序号 | 登录号 | 条形码 | 馆藏地/架位号 | 状态 | 备注 |
| 1 | 0499951 | 204999519 | 密集书库/ [索取号:O552.5/5=2] | 在馆 | |
| 2 | 0767673 | 207676736 | 密集书库/ [索取号:O552.5/5=2] | 在馆 | |
| 3 | 0767699 | 207676996 | 密集书库/ [索取号:O552.5/5=2] | 在馆 | |
| 4 | 0768889 | 207688894 | 密集书库/ [索取号:O552.5/5=2] | 在馆 |